[Event "20th Voronezh Master Open"]
[Site "Voronezh RUS"]
[Date "2016.06.19"]
[Round "8.11"]
[White "Gavrilov, Alexei1"]
[Black "Ponkratov, Pavel"]
[Result "0-1"]
[WhiteTitle "GM"]
[BlackTitle "GM"]
[WhiteElo "2466"]
[BlackElo "2573"]
[WhiteFideId "4104358"]
[BlackFideId "4157800"]
[EventDate "2016.06.12"]

1. d4 Nf6 2. c4 c5 3. d5 g6 4. Nc3 Bg7 5. e4 O-O 6. Bd3 e6 7. e5 Ne8 8. Nf3 d6
9. Bg5 Qb6 10. Qb3 Qc7 11. exd6 Nxd6 12. O-O e5 13. Rfe1 h6 14. Be3 f5 15. Nb5
Nxb5 16. cxb5 Kh7 17. Rac1 Nd7 18. Bb1 b6 19. h4 Qd8 20. d6 e4 21. Bg5 Nf6 22.
d7 Bxd7 23. Ne5 hxg5 24. hxg5 Nh5 0-1

[Event "20th Voronezh Master Open"]
[Site "Voronezh RUS"]
[Date "2016.06.19"]
[Round "8.12"]
[White "Nozdrachev, Leonid"]
[Black "Rychagov, Andrey"]
[Result "0-1"]
[WhiteTitle "FM"]
[BlackTitle "GM"]
[WhiteElo "2402"]
[BlackElo "2556"]
[WhiteFideId "24113433"]
[BlackFideId "4119932"]
[EventDate "2016.06.12"]

1. d4 d5 2. c4 e6 3. Nc3 Be7 4. cxd5 exd5 5. Bf4 c6 6. e3 Bf5 7. g4 Be6 8. Bd3
Nd7 9. Qf3 g5 10. Bg3 h5 11. gxh5 Ngf6 12. Nge2 Qa5 13. O-O-O b5 14. a3 b4 15.
axb4 Qxb4 16. h3 a5 17. Rd2 a4 18. Rc2 a3 19. Kb1 c5 20. Bb5 O-O 21. Bxd7 Bxd7
22. Bd6 Ne4 23. Nxe4 dxe4 24. Qg3 Bxd6 25. Qxd6 axb2 26. Rxb2 Qa3 27. Nc3 Qxc3
28. Qxc5 Qd3+ 0-1

[Event "20th Voronezh Master Open"]
[Site "Voronezh RUS"]
[Date "2016.06.19"]
[Round "8.13"]
[White "Ulko, Jaroslav"]
[Black "Zontakh, Andrey"]
[Result "0-1"]
[WhiteTitle "IM"]
[BlackTitle "GM"]
[WhiteElo "2446"]
[BlackElo "2526"]
[WhiteFideId "4116658"]
[BlackFideId "14101130"]
[EventDate "2016.06.12"]

1. Nf3 Nf6 2. c4 e6 3. Nc3 Bb4 4. Qc2 c5 5. e3 O-O 6. Be2 d5 7. O-O b6 8. b3 Bb7
9. Bb2 Nc6 10. Na4 Rc8 11. a3 Ba5 12. Rfd1 Qe7 13. Rac1 Rfd8 14. cxd5 exd5 15.
Qf5 d4 16. Bc4 a6 17. exd4 b5 18. Nxc5 bxc4 19. Re1 Qc7 20. Rxc4 Ne7 21. Qg5 h6
22. Qg3 Bd5 23. Ra4 Nf5 24. Qh3 Bxf3 25. Qxf3 Bxd2 26. Rd1 Qf4 27. Qd3 Ng4 28.
Qxd2 Qxh2+ 29. Kf1 Re8 0-1

[Event "20th Voronezh Master Open"]
[Site "Voronezh RUS"]
[Date "2016.06.19"]
[Round "8.14"]
[White "Sergienko, Sergey"]
[Black "Paravyan, David"]
[Result "1/2-1/2"]
[WhiteTitle "IM"]
[BlackTitle "IM"]
[WhiteElo "2335"]
[BlackElo "2514"]
[WhiteFideId "4115791"]
[BlackFideId "4194985"]
[EventDate "2016.06.12"]

1. Nf3 d5 2. g3 g6 3. Bg2 Bg7 4. d4 Nh6 5. Nbd2 Nf5 6. c3 Nd6 7. O-O Nd7 8. e4
dxe4 9. Ng5 e3 10. fxe3 O-O 11. Qb3 e5 12. Nde4 Nf6 13. Nxf6+ Bxf6 14. Nf3 Qe7
15. dxe5 Bxe5 16. Nxe5 Qxe5 17. e4 Be6 18. Qc2 g5 19. Be3 c5 20. Rae1 b6 21. b3
Nb5 22. Bd2 a5 23. a4 Na7 24. Rf5 Bxf5 25. exf5 Qf6 26. Bxa8 Rxa8 27. g4 Rd8 28.
Re2 h6 29. Qe4 Nc6 30. Be1 Kg7 31. Rd2 Rxd2 32. Bxd2 Qd6 33. Be1 Ne5 34. Kg2 Nd3
35. Bg3 Nf4+ 36. Bxf4 gxf4 37. Kf3 Qd1+ 38. Kxf4 Qd2+ 39. Qe3 Qxh2+ 40. Ke4 Qc2+
41. Kf4 Qxb3 42. Qe5+ Kh7 43. Qe4 Kg7 44. Qe5+ f6 45. Qc7+ Qf7 46. Qxf7+ Kxf7
47. c4 1/2-1/2

[Event "20th Voronezh Master Open"]
[Site "Voronezh RUS"]
[Date "2016.06.20"]
[Round "9.1"]
[White "Gordievsky, Dmitry"]
[Black "Golubov, Saveliy"]
[Result "1/2-1/2"]
[WhiteTitle "IM"]
[BlackTitle "IM"]
[WhiteElo "2523"]
[BlackElo "2484"]
[WhiteFideId "24112798"]
[BlackFideId "24176729"]
[EventDate "2016.06.12"]

1. d4 Nf6 2. c4 e6 3. Nf3 d5 4. Nc3 Be7 5. Bf4 O-O 6. e3 Nbd7 7. a3 c5 8. cxd5
Nxd5 9. Nxd5 exd5 10. dxc5 Nxc5 11. Be5 Bf6 12. Bxf6 Qxf6 13. Qd4 Qxd4 14. Nxd4
Ne6 15. Rd1 Rd8 16. Bb5 Bd7 17. Bxd7 Rxd7 18. Ke2 Rc8 19. Rd2 Kf8 20. Rhd1 Nxd4+
21. Rxd4 Rc2+ 22. R1d2 Rxd2+ 23. Kxd2 Ke7 24. Rh4 h6 25. Rg4 g6 26. Ra4 a6 27.
g4 Rc7 28. Rb4 b5 29. h4 g5 30. h5 Kd6 31. b3 Rc5 32. Rd4 Ke6 33. f4 f6 34. a4
bxa4 35. Rxa4 a5 36. fxg5 fxg5 37. e4 dxe4 38. Rxe4+ Kd5 39. Ra4 Rb5 40. Kc3
Rc5+ 1/2-1/2

[Event "20th Voronezh Master Open"]
[Site "Voronezh RUS"]
[Date "2016.06.20"]
[Round "9.2"]
[White "Bocharov, Dmitry"]
[Black "Rozum, Ivan"]
[Result "0-1"]
[WhiteTitle "GM"]
[BlackTitle "GM"]
[WhiteElo "2602"]
[BlackElo "2560"]
[WhiteFideId "4138716"]
[BlackFideId "24104272"]
[EventDate "2016.06.12"]

1. d4 Nf6 2. c4 e6 3. Nc3 Bb4 4. f3 O-O 5. a3 Bxc3+ 6. bxc3 Nh5 7. Nh3 f5 8. e4
fxe4 9. Be2 Nf6 10. O-O d6 11. Bg5 e5 12. Nf2 exf3 13. Bxf3 Qe8 14. Qd3 Kh8 15.
Rae1 Nc6 16. c5 Bd7 17. cxd6 cxd6 18. Qb1 b6 19. Bh4 Rc8 20. Bg3 Nh5 21. Ne4
Nxg3 22. Nxg3 Qe7 23. Be4 Rxf1+ 24. Rxf1 exd4 25. Bxh7 dxc3 26. Be4 d5 27. Bd3
Ne5 28. Kh1 Qh4 29. Bf5 Ng4 30. Bxg4 Qxg4 31. Qd3 c2 32. Rc1 Ba4 33. Ne2 Re8 34.
Nc3 Qd1+ 0-1

[Event "20th Voronezh Master Open"]
[Site "Voronezh RUS"]
[Date "2016.06.20"]
[Round "9.3"]
[White "Fedorov, Alexei"]
[Black "Vavulin, Maksim"]
[Result "1/2-1/2"]
[WhiteTitle "GM"]
[BlackTitle "IM"]
[WhiteElo "2565"]
[BlackElo "2507"]
[WhiteFideId "13500465"]
[BlackFideId "4169530"]
[EventDate "2016.06.12"]

1. e4 e5 2. Nf3 Nc6 3. Bc4 Nf6 4. d3 h6 5. O-O d6 6. c3 g6 7. d4 Qe7 8. Re1 Bg7
9. dxe5 Nxe5 10. Nxe5 dxe5 11. b3 Be6 12. Ba3 Qd7 13. Qxd7+ Bxd7 14. Nd2 Bc6 15.
f3 O-O-O 16. Nf1 Rd7 17. Red1 Rhd8 18. Rxd7 Rxd7 19. Ne3 h5 20. Bf1 Nh7 21. Kf2
Bh6 22. Bc1 Nf6 23. a4 Bxe4 24. fxe4 Nxe4+ 25. Ke1 Nxc3 26. Bc4 Kd8 27. Bb2 Ne4
28. Nf1 Nd6 29. Be2 f6 30. Rd1 h4 31. g3 hxg3 32. hxg3 Bg5 33. Nd2 b6 34. Nc4
Ne4 35. Rxd7+ Kxd7 36. Bd3 Nxg3 37. Bxg6 Ke6 38. Kf2 Nf5 39. Be8 Ne7 40. Ba3 Nd5
41. Bc6 f5 42. Bb7 Bh4+ 43. Kf1 a5 44. Bc8+ Kf6 45. Bb2 Bg3 46. Bb7 Ke6 47. Bc8+
Kf6 48. Bb7 Ke6 49. Bc8+ 1/2-1/2

[Event "20th Voronezh Master Open"]
[Site "Voronezh RUS"]
[Date "2016.06.20"]
[Round "9.4"]
[White "Zontakh, Andrey"]
[Black "Matinian, Nikita"]
[Result "1/2-1/2"]
[WhiteTitle "GM"]
[BlackTitle "IM"]
[WhiteElo "2526"]
[BlackElo "2465"]
[WhiteFideId "14101130"]
[BlackFideId "24129100"]
[EventDate "2016.06.12"]

1. Nf3 Nf6 2. c4 g6 3. Nc3 d5 4. cxd5 Nxd5 5. Qb3 Nb6 6. d4 Bg7 7. Bf4 O-O 8. e3
Be6 9. Qa3 N8d7 10. Rd1 c6 11. Ng5 Bc4 12. Bxc4 Nxc4 13. Qb3 b5 14. O-O Ndb6 15.
Nge4 a5 16. Qc2 Nd5 17. Ne2 a4 18. b3 Nb4 19. Qb1 axb3 20. axb3 Nb6 21. Nc5 N6d5
22. Nd3 Qa5 23. Nxb4 Qxb4 24. Qc2 Rfc8 25. Be5 c5 26. Bxg7 Kxg7 27. Qe4 e6 28.
Qe5+ Kg8 29. dxc5 Rxc5 30. Qd6 Rc2 31. Rxd5 Qxd6 32. Rxd6 Rxe2 33. Rb6 Rb2 34.
Rxb5 Ra3 35. g4 Raxb3 36. Rxb3 Rxb3 37. Kg2 Kg7 38. Rd1 Rb5 39. Rd4 h5 40. h3
hxg4 1/2-1/2

[Event "20th Voronezh Master Open"]
[Site "Voronezh RUS"]
[Date "2016.06.20"]
[Round "9.5"]
[White "Zakhartsov, Viacheslav V."]
[Black "Kokarev, Dmitry"]
[Result "0-1"]
[WhiteTitle "GM"]
[BlackTitle "GM"]
[WhiteElo "2531"]
[BlackElo "2624"]
[WhiteFideId "4115333"]
[BlackFideId "4132181"]
[EventDate "2016.06.12"]

1. d4 Nf6 2. c4 g6 3. Nc3 Bg7 4. e4 d6 5. Nf3 O-O 6. Be2 c5 7. O-O Nc6 8. d5 Na5
9. Rb1 e5 10. a3 b6 11. b4 Nb7 12. Bg5 h6 13. Bh4 Qe8 14. Nd2 Nh7 15. Nb5 Qd7
16. Qc2 h5 17. f3 Bh6 18. Kh1 f6 19. Nb3 Qe7 20. bxc5 bxc5 21. Be1 Bd7 22. Na5
Nxa5 23. Bxa5 f5 24. Nc7 Rab8 25. Rxb8 Rxb8 26. Rb1 Rxb1+ 27. Qxb1 fxe4 28. fxe4
Qg5 29. Nb5 Bxb5 30. cxb5 Qe3 31. Qd3 Qc1+ 32. Qd1 Qxa3 33. Bc7 Nf6 34. Bf3 c4
35. Bd8 c3 36. b6 axb6 37. Bxf6 Qa2 0-1

[Event "20th Voronezh Master Open"]
[Site "Voronezh RUS"]
[Date "2016.06.20"]
[Round "9.6"]
[White "Vignesh, N R"]
[Black "Stukopin, Andrey"]
[Result "0-1"]
[WhiteTitle "IM"]
[BlackTitle "GM"]
[WhiteElo "2432"]
[BlackElo "2595"]
[WhiteFideId "25012215"]
[BlackFideId "24107131"]
[EventDate "2016.06.12"]

1. d4 d5 2. Nf3 Nf6 3. c4 c6 4. e3 e6 5. b3 Ne4 6. Bd3 Bb4+ 7. Nbd2 f5 8. O-O
O-O 9. a3 Bd6 10. Bb2 Nd7 11. Ne1 b6 12. f3 Qh4 13. f4 Bb7 14. Nef3 Qe7 15. Qe2
c5 16. Ne5 Rac8 17. Ndf3 Ndf6 18. a4 a5 19. Kh1 Rc7 20. Rfc1 cxd4 21. exd4 Nh5
22. Qe3 Nxf4 23. Bf1 Nh5 24. cxd5 Bxd5 25. Rxc7 Qxc7 26. Rc1 Qe7 27. Kg1 g5 28.
Bc4 g4 29. Bxd5 exd5 30. Qh6 Ng7 31. Nc6 Qe8 32. Nfe5 Rf6 33. Qh4 h5 34. Na7 Kh7
35. Rc8 Qe6 36. Rc6 f4 37. Nb5 f3 38. gxf3 gxf3 39. Bc1 Rg6+ 40. Kf1 f2 41. Nf3
Qf5 42. Ng5+ Rxg5 43. Bxg5 Qf3 44. Rc1 Nf5 0-1

[Event "20th Voronezh Master Open"]
[Site "Voronezh RUS"]
[Date "2016.06.20"]
[Round "9.7"]
[White "Ponkratov, Pavel"]
[Black "Levin, Evgeny A."]
[Result "1/2-1/2"]
[WhiteTitle "GM"]
[BlackTitle "GM"]
[WhiteElo "2573"]
[BlackElo "2493"]
[WhiteFideId "4157800"]
[BlackFideId "4182596"]
[EventDate "2016.06.12"]

1. d4 Nf6 2. c4 e6 3. Nc3 Bb4 4. Qc2 O-O 5. e4 d5 6. e5 Ne4 7. Bd3 c5 8. Nf3
cxd4 9. Nxd4 Nd7 10. Bf4 Qh4 11. g3 Qh5 12. O-O g5 13. cxd5 Bxc3 14. bxc3 exd5
15. Bxe4 dxe4 16. e6 gxf4 17. exd7 Bxd7 18. Qxe4 fxg3 19. fxg3 b6 20. Qb7 Rad8
21. Rf4 Qc5 22. Qf3 Rc8 23. Rc1 Rc6 24. Rf1 f5 25. Rf2 Rcf6 26. Qe3 R6f7 27. Qd2
Qe5 28. Nf3 Qc5 29. Qd4 Re7 30. Rd2 Rc8 31. Rd3 Bb5 32. Qxc5 Rxc5 33. Rd2 Be8
34. Nd4 Bd7 35. Rf3 Kg7 36. Kf2 Kg6 37. Ne2 Kg7 38. Re3 Kf7 39. Rf3 Kg7 40. Nf4
Bc6 41. Rfd3 Kf7 42. Rd1 Be4 43. Re3 Rec7 44. Ne2 Ra5 45. Rd2 Bb1 46. Nc1 Ra3
47. Rb2 Be4 48. Nb3 a5 49. g4 a4 50. Nd2 Rcxc3 51. Rxc3 Rxc3 52. Rxb6 Ra3 53.
Nxe4 fxe4 54. Ra6 Rxa2+ 55. Ke3 Rxh2 56. Rxa4 Rh6 57. Ra7+ Kg8 58. Kxe4 Rf6 59.
g5 Rf7 60. Rxf7 Kxf7 61. Kf4 Kg6 62. Kg4 h6 63. gxh6 Kxh6 1/2-1/2

[Event "20th Voronezh Master Open"]
[Site "Voronezh RUS"]
[Date "2016.06.20"]
[Round "9.8"]
[White "Rychagov, Andrey"]
[Black "Peskov, Alexsey"]
[Result "1/2-1/2"]
[WhiteTitle "GM"]
[BlackTitle "IM"]
[WhiteElo "2556"]
[BlackElo "2399"]
[WhiteFideId "4119932"]
[BlackFideId "14114046"]
[EventDate "2016.06.12"]

1. d4 Nf6 2. c4 e6 3. Nf3 Bb4+ 4. Bd2 Bxd2+ 5. Qxd2 d6 6. Nc3 O-O 7. g3 b6 8.
Bg2 Bb7 9. O-O Ne4 10. Nxe4 Bxe4 11. Qf4 Bb7 12. e4 Nd7 13. Rad1 Qe7 14. Rfe1 e5
15. Qd2 Rfe8 16. dxe5 Nxe5 17. Nd4 f6 18. f4 Nd7 19. Nb5 Qd8 20. e5 Bxg2 21.
exd6 Rxe1+ 22. Rxe1 Bc6 23. dxc7 Qc8 24. Qd6 Bxb5 25. cxb5 Nf8 26. Qd5+ Kh8 27.
Rc1 Rb8 28. cxb8=Q Qxb8 29. Kf2 h6 30. Rc6 Qb7 31. Rd6 Qe7 32. Rd8 Kh7 33. Qd6
Qe4 34. Qd3 Qxd3 35. Rxd3 Kg6 36. Ra3 1/2-1/2

[Event "20th Voronezh Master Open"]
[Site "Voronezh RUS"]
[Date "2016.06.20"]
[Round "9.9"]
[White "Burmakin, Vladimir"]
[Black "Khusenkhojaev, Muhammad"]
[Result "1-0"]
[WhiteTitle "GM"]
[BlackTitle "IM"]
[WhiteElo "2543"]
[BlackElo "2419"]
[WhiteFideId "4105109"]
[BlackFideId "14700247"]
[EventDate "2016.06.12"]

1. Nf3 Nf6 2. d4 g6 3. Bf4 Bg7 4. e3 d6 5. Be2 Nh5 6. Bg5 h6 7. Bh4 g5 8. Nfd2
Bxd4 9. exd4 Nf4 10. Bg3 Nxg2+ 11. Kf1 Bh3 12. Kg1 Qc8 13. Bb5+ c6 14. Bf1 Nf4
15. f3 Rg8 16. Bxf4 gxf4+ 17. Kf2 Na6 18. Rg1 Rxg1 19. Kxg1 Qf5 20. Bxh3 Qxh3
21. Nc3 O-O-O 22. Qe2 Nb4 23. Rc1 e5 24. dxe5 dxe5 25. Kh1 Qe6 26. Nb3 f5 27.
Re1 Re8 28. Nc5 Qd6 29. Nd3 c5 30. Nb5 Qb6 31. Nxb4 cxb4 32. Qc4+ Kb8 33. Rxe5
Rc8 34. Qxf4 Ka8 35. Re8 1-0

[Event "20th Voronezh Master Open"]
[Site "Voronezh RUS"]
[Date "2016.06.20"]
[Round "9.10"]
[White "Tukhaev, Adam"]
[Black "Chigaev, Maksim"]
[Result "0-1"]
[WhiteTitle "GM"]
[BlackTitle "IM"]
[WhiteElo "2518"]
[BlackElo "2542"]
[WhiteFideId "14109476"]
[BlackFideId "4108116"]
[EventDate "2016.06.12"]

1. e4 g6 2. d4 Bg7 3. Nc3 d6 4. Be3 a6 5. a4 Nf6 6. h3 O-O 7. g4 e5 8. d5 c6 9.
Qd2 cxd5 10. exd5 Nbd7 11. Nge2 Rb8 12. Ng3 Ne8 13. a5 b5 14. axb6 Nxb6 15. b3
f5 16. gxf5 gxf5 17. Bg5 Bf6 18. h4 Ng7 19. Rg1 Kh8 20. Bxf6 Rxf6 21. h5 f4 22.
Nge4 Rf8 23. Bxa6 Ra8 24. Qd3 Bf5 25. h6 Nh5 26. Qd1 f3 27. Qxf3 Nf4 28. Kd2 Bg6
29. Qg4 Nbxd5 30. Nxd5 Nxd5 31. Bd3 Rxa1 32. Rxa1 Nf6 33. Qg2 Nxe4+ 34. Bxe4 Qh4
35. Ra8 Qxh6+ 36. Kc3 Rxa8 37. Bxa8 Qc1 38. Qd5 Qxc2+ 39. Kb4 Qc7 40. Qc6 Qb8+
41. Bb7 Kg7 42. Qc8 Qxc8 43. Bxc8 h5 44. Kc3 Kf6 45. b4 d5 46. b5 Ke7 47. Kb4
Kd6 48. f3 d4 49. b6 Bf7 50. Bb7 h4 51. f4 exf4 52. Bg2 Be6 53. b7 Kc7 54. Bf3
h3 0-1

[Event "20th Voronezh Master Open"]
[Site "Voronezh RUS"]
[Date "2016.06.20"]
[Round "9.11"]
[White "Maletin, Pavel"]
[Black "Tsydypov, Zhamsaran"]
[Result "1-0"]
[WhiteTitle "GM"]
[BlackTitle "IM"]
[WhiteElo "2579"]
[BlackElo "2438"]
[WhiteFideId "4146786"]
[BlackFideId "4108566"]
[EventDate "2016.06.12"]

1. Nf3 g6 2. g3 Bg7 3. d4 c5 4. c3 d6 5. dxc5 dxc5 6. Qxd8+ Kxd8 7. Na3 Bd7 8.
Bf4 Bc6 9. O-O-O+ Ke8 10. e4 Bxe4 11. Bg2 Bh6 12. Bxh6 Nxh6 13. Rhe1 f5 14. Nb5
Na6 15. Nh4 Bxg2 16. Nxg2 Rd8 17. Nd6+ Kf8 18. Nxb7 Rxd1+ 19. Rxd1 Ng4 20. Nf4
Kf7 21. Nd8+ Kf6 22. Nd5+ Kg7 23. Ne6+ Kf7 24. Ng5+ Kg7 25. Re1 e5 26. f3 Nf2
27. Kc2 Re8 28. Nxh7 c4 29. Ng5 Nd3 30. Re2 Nac5 31. Ne3 Kf6 32. h4 f4 33. gxf4
Nxf4 34. Rd2 Rh8 35. Rh2 Nce6 36. Ne4+ Ke7 37. Nxc4 g5 38. h5 1-0

[Event "20th Voronezh Master Open"]
[Site "Voronezh RUS"]
[Date "2016.06.20"]
[Round "9.12"]
[White "Bajarani, Ulvi"]
[Black "Shevchenko, Kirill"]
[Result "0-1"]
[WhiteTitle "GM"]
[BlackTitle "FM"]
[WhiteElo "2514"]
[BlackElo "2438"]
[WhiteFideId "13403028"]
[BlackFideId "14129574"]
[EventDate "2016.06.12"]

1. e4 c5 2. Nf3 d6 3. d4 cxd4 4. Nxd4 Nf6 5. Nc3 a6 6. g3 e5 7. Nde2 Be7 8. Bg2
b5 9. O-O O-O 10. Be3 Bb7 11. a3 Nbd7 12. Qd3 Rc8 13. a4 b4 14. Nd5 Nxd5 15.
exd5 Qc7 16. c3 Nc5 17. Qc4 bxc3 18. Nxc3 f5 19. f3 Bf6 20. g4 f4 21. Bxc5 Qxc5+
22. Qxc5 Rxc5 23. g5 Bd8 24. Bh3 Kf7 25. Be6+ Ke7 26. Kh1 Ba5 27. Ne4 Rc2 28. b4
Bxb4 29. Rab1 Rc4 30. Rxb4 Rxb4 31. Rc1 Bxd5 32. Bxd5 Rd4 33. Bb7 d5 34. Nc3 Ke6
35. Rb1 Rd8 36. Bxa6 e4 37. Bb5 exf3 38. Rf1 Kf5 39. Rxf3 Kxg5 40. a5 Rb4 41.
Bf1 Kf5 42. a6 g5 43. Rh3 d4 44. Nb5 Ra4 45. a7 g4 46. Rb3 Ra1 47. Kg2 f3+ 48.
Kf2 h5 49. Ra3 Rxa3 50. Nxa3 Ra8 51. Nb5 Ke4 52. Nd6+ Kf4 53. Nb5 h4 54. Bc4 g3+
55. hxg3+ hxg3+ 56. Kg1 g2 57. Kf2 d3 58. Bd5 d2 0-1

[Event "20th Voronezh Master Open"]
[Site "Voronezh RUS"]
[Date "2016.06.20"]
[Round "9.13"]
[White "Paravyan, David"]
[Black "Harutjunyan, Gevorg"]
[Result "1-0"]
[WhiteTitle "IM"]
[BlackTitle "GM"]
[WhiteElo "2514"]
[BlackElo "2430"]
[WhiteFideId "4194985"]
[BlackFideId "13300873"]
[EventDate "2016.06.12"]

1. d4 Nf6 2. c4 e6 3. Nc3 Bb4 4. e3 O-O 5. Bd3 c5 6. Nf3 cxd4 7. exd4 d5 8. cxd5
Nxd5 9. O-O Nc6 10. Ne4 Be7 11. a3 Qb6 12. Bc2 Rd8 13. Qd3 g6 14. Rd1 e5 15.
dxe5 Bg4 16. Nd6 Bxd6 17. exd6 Rxd6 18. h3 Bxf3 19. Qxf3 Rf6 20. Qg3 Nd4 21. Bd3
Re8 22. Bh6 Qxb2 23. Rab1 Qxa3 24. Rxb7 Qa4 25. Rc1 Rfe6 26. Kh2 Qa5 27. Rd7 Nc6
28. Rxc6 Rxc6 29. Qf3 Rf6 30. Qxd5 Qxd5 31. Rxd5 Rxf2 32. Rd7 a5 33. Ra7 Rf6 34.
Bc4 Rc8 35. g4 a4 36. Bg5 Rf3 37. Kg2 Rxc4 38. Kxf3 Rc3+ 39. Kg2 f5 40. gxf5
gxf5 41. Rxa4 Kf7 42. Ra6 Rc2+ 43. Kf3 Rc3+ 44. Be3 Rc4 45. Rd6 Ra4 46. Rd4 Ra2
47. Rb4 Rh2 48. Kg3 Re2 49. Rb7+ Kg6 50. Rb6+ Kf7 51. Bg5 Kg7 52. Kf4 Rf2+ 53.
Ke5 1-0

[Event "20th Voronezh Master Open"]
[Site "Voronezh RUS"]
[Date "2016.06.20"]
[Round "9.14"]
[White "Chernobay, Artem"]
[Black "Kalugin, Sergey G."]
[Result "1/2-1/2"]
[WhiteTitle "GM"]
[BlackTitle "GM"]
[WhiteElo "2499"]
[BlackElo "2413"]
[WhiteFideId "4167406"]
[BlackFideId "4128567"]
[EventDate "2016.06.12"]

1. e4 e5 2. Nf3 Nc6 3. d4 exd4 4. Nxd4 Bb4+ 5. c3 Bc5 6. Nf5 g6 7. Ne3 Nf6 8.
Bd3 O-O 9. O-O Re8 10. Qc2 d5 11. Nxd5 Nxd5 12. exd5 Qxd5 13. Bf4 Bd6 14. Bxd6
Qxd6 15. Na3 Ne5 16. Be4 c6 17. Rad1 Qc7 18. Nb1 Ng4 19. g3 Nf6 20. Bf3 Bf5 21.
Qc1 Be4 22. Nd2 Bxf3 23. Nxf3 Kg7 24. Rfe1 h6 25. Qc2 Qa5 26. Qb3 Qb6 27. Kg2
Qxb3 28. axb3 Rxe1 29. Rxe1 Rd8 30. Re7 Rd7 31. Rxd7 Nxd7 32. Nd4 Kf6 33. f4 Ke7
34. Kf3 h5 35. Ke3 Nc5 36. Kd2 Ne4+ 37. Ke3 Nc5 38. Kd2 Ne4+ 39. Ke3 Nc5 40. Kd2 1/2-1/2